000 00561nam a2200229Ia 4500
003 OSt
005 20221007082238.0
006 a|||||r|||| 00| 0
007 ta
008 221006b |||||||| |||| 00| 0 eng d
024 _a4,788
037 _cTextual
040 _aFLL
_cFLL
_beng
041 _2eng
_aeng
082 _aZ2:805Q, M2
100 _aSaxena Au.
_9698942
245 0 _aComment aries on indian penal code
260 _c1982
300 _a968p
_ccm.
942 _hZ2:805Q, M2
_cTEXL
_2CC
999 _c1165809
_d1165809